| 000 | 01283nam a2200361 i 4500 | ||
|---|---|---|---|
| 001 | 35709 | ||
| 003 | KOSZ 005 | ||
| 005 | 20200630132831.0 | ||
| 008 | 071128s1966 pl a f f |000 0 pol | ||
| 015 | _aPB 1966/9744 | ||
| 035 | _a(OCoLC)749485047 | ||
| 040 |
_aWA N _cWA N _dKOSZ 005/EC |
||
| 041 | 1 |
_apol _heng |
|
| 046 | _k1966 | ||
| 080 | _a311 | ||
| 080 | _a(07) | ||
| 100 | 1 |
_aYule, George Udny. _eAutor |
|
| 245 | 1 | 0 |
_aWstęp do teorii statystyki / _cG. Udny Yule, M. G. Kendall ; [tł. Brunon Górecki, Egon Vielrose]. |
| 246 | 1 |
_iTyt. oryg.: _aIntroduction to the theory of statistics. |
|
| 260 |
_aWarszawa : _bPaństwowe Wydawnictwo Naukowe, _c1966. |
||
| 300 |
_a684 s. : _bil. ; _c23 cm. |
||
| 380 | _aKsiążki. | ||
| 388 | _a1901-2000 | ||
| 500 | _aTyt. oryg.: An introduction to the theory of statistics, 1958. | ||
| 650 | 4 | _aStatystyka | |
| 655 | 4 | _aPodręcznik | |
| 700 | 1 |
_aGórecki, Brunon. _eTłumaczenie |
|
| 700 | 1 |
_aVielrose, Egon _d(1907-1984) _eTłumaczenie |
|
| 700 | 1 |
_aKendall, Maurice George _d(1907-1983) _eAutor |
|
| 710 | 2 |
_aPaństwowe Wydawnictwo Naukowe _4pbl. |
|
| 856 |
_uhttp://koha.tu.koszalin.pl/cgi-bin/koha/opac-detail.pl?biblionumber=35709 _yKatalog online BPK |
||
| 942 |
_2UKD _cKS |
||
| 999 |
_c35709 _d35709 |
||